قوانين معاقبة الثورة المصرية / (Record no. 62188)
[ view plain ]
| 000 -الفاتح | |
|---|---|
| حقل البيانات ثابتة الطول | 01061nam a22002537a 4500 |
| 005 - وقت وتاريخ اخر تعامل مع التسجيلة | |
| رقم الضبط | 20240530110537.0 |
| 008 - عناصر البيانات ثابتة الطول - معلومات عامة | |
| حقل البيانات ثابتة الطول | 160204s2012 ua f 000 0 ara d |
| 017 ## - رقم الايداع القانونى | |
| رقم الايداع القانونى | 2012/22659 |
| المصدر ( الهيئة المختصة) | مصر . دار الكتب المصرية |
| 040 ## - مصدر الفهرسة | |
| وكالة الفهرسة الأصلية | EG-CaGPL |
| 082 04 - رقم تصنيف ديوى العشرى | |
| رقم الطبعة | 21 |
| رقم التصنيف | 342.0854 |
| رقم المادة | ق/م ق |
| 100 0# - المدخل الرئيسى - إسم شخصى | |
| الإسم الشخصى | محمد الأنصارى |
| 245 10 - بيان العنوان | |
| العنوان | قوانين معاقبة الثورة المصرية / |
| بيان المسئوليه,etc | محمد الأنصارى ، محمد احمد زارع ؛ تقديم رجب سعد طه |
| 260 ## - PUBLICATION, DISTRIBUTION, ETC. (IMPRINT) | |
| تاريخ النشر أو التوزيع | 2012 . |
| 300 ## - الوصف المادى | |
| التعداد | 163 ص ؛ |
| أبعاد الوعاء | 30 سم + |
| المادة المصاحبة | ملاحق . |
| 650 04 - المدخل الاضافى بالموضوع-مصطلح موضوعى | |
| مصطلح موضوعي | حرية التعبير |
| 650 04 - المدخل الاضافى بالموضوع-مصطلح موضوعى | |
| مصطلح موضوعي | الحرية السياسية |
| 650 04 - المدخل الاضافى بالموضوع-مصطلح موضوعى | |
| مصطلح موضوعي | الحقوق المدنية |
| 650 04 - المدخل الاضافى بالموضوع-مصطلح موضوعى | |
| مصطلح موضوعي | الديمقراطية |
| 650 04 - المدخل الاضافى بالموضوع-مصطلح موضوعى | |
| مصطلح موضوعي | ثورة 25 يناير |
| التقسيم الفرعي العام | قوانين و تشريعات |
| 700 0# - المدخل الاضافى - اسم شخصى | |
| الإسم الشخصى | محمد احمد زارع |
| الدور | مؤلف مشارك |
| 700 0# - المدخل الاضافى - اسم شخصى | |
| الإسم الشخصى | رجب سعد طه |
| الدور | مقدم |
| 942 ## - عناصر المدخل الإضافي( كوها) | |
| مصدر التصنيف او مخطط الترفيف | Dewey Decimal Classification |
| Koha [default] item type | كتاب |
| 260 ## - PUBLICATION, DISTRIBUTION, ETC. (IMPRINT) | |
| -- | القاهرة : |
| -- | مركز القاهرة لدراسات حقوق الانسان ، |
| حالة التراجع | حالة الفقد | حالة تلف | ليس للاعارة | المكان المؤقت | الموقع الحالى | تاريخ الاكتساب | اجمالي اﻻعارات | رقم الطلب | الباركود | تاريخ اخر مشاهدة | تاريخ تفعيل السعر | نوع وعاء كوها |
|---|---|---|---|---|---|---|---|---|---|---|---|---|
| مكتبة القاهرة الكبرى | مكتبة القاهرة الكبرى | 04/17/2016 | 342.0854 ق/م ق | 161844 | 10/05/2022 | 04/17/2016 | كتاب |

